| 000 | 00347nam a2200145Ia 4500 | ||
|---|---|---|---|
| 005 | 20251222175923.0 | ||
| 008 | 251222s9999||||xx |||||||||||||| ||spa|| | ||
| 020 | _a8422671891 | ||
| 082 | _a823/R88 | ||
| 100 | _aRoy, Arundhati | ||
| 245 | 0 | _aEl dios de las Pequeñas Cosas | |
| 250 | _a1ra.ed. | ||
| 264 | _bCírculo de Lectores | ||
| 942 | _cLIB | ||
| 999 |
_c40729 _d40729 |
||